01632cam a22003857a 4500003000500000005001700005008004100022010001000063011001000073035001000083040000900093090001000102100004000112245012400152260004000276300002200316502008900338590003700427590004100464590004100505590004100546590004100587590004200628650004300670650004300713650005400756650004400810901000700854942000900861949004300870949005500913999001700968952013300985952012801118CHAP20220329141028.0971013s1996 r 00010 d a61527 a62499 a66673 cCHAP aTesis00aZavala Linares, J. Jesús.9123792 0aRelación tenencia de la tierra-usuarios en un Distrito de Riego, estudio de casob: Distrito 061, Zamora, Michoacán aChapingo, Méx. :bEl autor,c1996 a85 h.b: gráfs. aTesis (Lic. en Economía Agrícola) -- UACH. Departamento de Economía Agrícola aALEPHb10c20130110lUCH01h1343 aBATCH-UPDb10c20130110lUCH01h0524 aBATCH-UPDb10c20130410lUCH01h0203 aBATCH-UPDb10c20130410lUCH01h1605 aBATCH-UPDb10c20130914lUCH01h1209 aCONVERSIONb10c20130109lUCH01h133314aAguaxAbastecimientoxMichoacan.9224814aDistrito de Riego Zamora, Mich.93295714aMujer en comunidades ruralesxMichoacán.97937514aTierrasxTenenciaxMichoacán.9113180 aBK cFOLL bBCcTESd-151895eTS1h30594i66673si bBCcTESd33724000625018eTS2fc.2h30594i66673si c61527d61527 00102local4053708TESISaBCbBCcPA_TESISd2019-12-31fTESISl0p33724000625018r2019-12-31 00:00:00tc.2w2019-12-31yTESIS 00102local4051708TESISaBCbBCcPA_TESISd2019-12-31fTESISl0oTesisp-151895r2019-12-31 00:00:00w2019-12-31yTESIS